000 01284nam a2200217Ia 4500
003 Ost
005 20260507075017.0
008 260507s9999||||xx |||||||||||||| ||und||
020 _a3118119957
040 _cfsecg
041 _aara
082 _a658.8
100 _aعبيدات، محمد
_eمؤلف
245 0 _aالتسويق السياحي :
_bمدخل سلوكي /
_c محمد عبيدات
260 _aعمان:
_bدار وائل,
_c2000
300 _a277 صفحة؛
_bإيضاحات ؛
_c24 سم
520 _aمقدمة في التسويق السياحي-البيئة في التسويق السياحي-تجزئة الأسواق السياحية-التخطيط الإستراتيجي للتسويق السياحي-استراتيجية المنتج السياحي-استراتيجية تسعير المنتج السياحي-استراتيجية توزيع المنتج السياحي-استراتيجية ترويج المنتج السياحي-السياحة الدينية-السياحة التراثية-السياحة الإجتماعية-حالة دراسية(موقع البتراء السياحي)-حالة دراسية لموقع البحر الميت
653 _aالتسويق - الاردن
653 _aالسياحة - الاردن
942 _cكتاب
999 _c42221
_d42221